00713cam a22002413a 450000100060000000300060000600500170001200800410002904000150007004200070008505000070009210000470009924500660014626000290021250600300024151600200027165300230029165300410031465300200035570000250037583000290040085600420042926478PGUSA20140828083554.0080829s2008||||xxu|||||s|||||000 1 eng d aPGUSAbeng adc 4aPZ1 aFarrow, G. E.q(George Edward),d1862-191914aThe Wallypug in Londonh[electronic resource] /cG. E. Farrow bProject Gutenberg,c2008 aPublic domain in the USA. aElectronic text aChildren's stories aLondon (England) -- Juvenile fiction aFantasy fiction1 aWright, Alan,d1864- 0aProject Gutenbergv2647840uhttp://www.gutenberg.org/ebooks/26478